| 000 | 00689nam a22002057a 4500 | ||
|---|---|---|---|
| 003 | OSt | ||
| 005 | 20260317021028.0 | ||
| 008 | 260317b |||||||| |||| 00| 0 eng d | ||
| 020 | _a 0-06-440769-1 | ||
| 040 |
_aDWCL GS lib _cOC |
||
| 100 | _aSNICKET, LEMOMY | ||
| 245 |
_a The miserable mill _cSNICKET, LEMOMY |
||
| 260 |
_a New York _bHarper Collins Publishers, _c2000 |
||
| 300 |
_avii, 194 pages _c18cm. |
||
| 520 | _aThe book highlights themes of ineffectual authority figures, as Sir fails to protect the children and prioritizes profits over their safety. | ||
| 546 | _aEnglish | ||
| 650 | _2Gothic fiction | ||
| 650 | _2absurdist comedy | ||
| 942 |
_2ddc _cFIC. _hFic. _n0 |
||
| 999 |
_c9198 _d9198 |
||